Urbanisation, SOA et BPM : Le point de vue du DSI (notice n° 2166298)

détails MARC
000 -LEADER
fixed length control field 01329cam a2200133 4500500
005 - DATE AND TIME OF LATEST TRANSACTION
control field 20260405040952.0
041 ## - LANGUAGE CODE
Language code of text/sound track or separate title fre
042 ## - AUTHENTICATION CODE
Authentication code dc
100 10 - MAIN ENTRY--PERSONAL NAME
Personal name Caseau, Yves
Relator term author
245 00 - TITLE STATEMENT
Title Urbanisation, SOA et BPM : Le point de vue du DSI
260 ## - PUBLICATION, DISTRIBUTION, ETC.
Name of publisher, distributor, etc. Dunod,<br/>
Date of publication, distribution, etc. 2011.<br/>
520 ## - SUMMARY, ETC.
Summary, etc. Ce livre fait ressortir les points saillants d'un projet d'urbanisation et de BPM (Business Process Management). Il explique comment le mener à terme avec succès et insiste sur la rentabilité d'une telle démarche. Il se compose de trois parties : la première présente l'intérêt d'une démarche d'urbanisation, en partant des objectifs opérationnels du DSI ; la deuxième répond à six contraintes fondamentales, mais souvent ignorées : le coût, l'agilité, l'exploitation, la conduite du changement, la gestion des données distribuées et la flexibilité du déploiement ; la dernière partie donne la vision de l'auteur sur les grandes tendances des systèmes d'information, comme par exemple l'offshore et l'automatisation des développements. Les mises à jour de cette 4e édition portent sur la partie prospective de l'ouvrage, sur le cloud computing, et sur la complexité dans l'urbanisation du SI .
856 41 - ELECTRONIC LOCATION AND ACCESS
Uniform Resource Identifier <a href="https://stm.cairn.info/urbanisation-soa-et-bpm--9782100566365?lang=fr&redirect-ssocas=7080">https://stm.cairn.info/urbanisation-soa-et-bpm--9782100566365?lang=fr&redirect-ssocas=7080</a>

Pas d'exemplaire disponible.

PLUDOC

PLUDOC est la plateforme unique et centralisée de gestion des bibliothèques physiques et numériques de Guinée administré par le CEDUST. Elle est la plus grande base de données de ressources documentaires pour les Étudiants, Enseignants chercheurs et Chercheurs de Guinée.

Adresse

627 919 101/664 919 101

25 boulevard du commerce
Kaloum, Conakry, Guinée

Réseaux sociaux

Powered by Netsen Group @ 2025